000 01108nas a2200289 4500
001 BR2015004079
003 BR-BrBNA
005 20231205125530.0
007 ta
008 230509b bl.|||p| |||| 00| 00por d
040 _aBR-BrBNA
_bpor
_cBiblioteca Nacional de Agricultura
041 _a(Pt)
072 _aF02
100 1 _aAlmeida, J.L.
100 1 _aDiniz, J.D.N.
100 1 _aNascimento, E.P. da
100 1 _a Oliveira, A.B. de
111 1 _a16° Congresso Brasileiro de Floricultura e Plantas Ornamentais; 3° Congresso Brasileiro de Cultura de Tecidos de Plantas; 1° Simpósio de Plantas Ornamentais Nativas
_cGoiânia, GO (Brazil)
_d10-15 Sep 2007
245 1 _aDiferentes concentrações de AIB no enraizamento in vitro de Crossandra infundibuliformis
650 _aPLANTA ORNAMENTAL
650 _aCULTURA IN VITRO
650 _aMICROPROPAGAÇÃO
650 _aEXPLANTE
773 0 _tRevista Brasileira de Horticultura Ornamental (Brazil)
_xISSN 1809-6093
_g(Sep 2007), v. 13(Suplemento) p. 397
_wBR2015004079
909 _a202311
_bLúcia
_c55
_dLúcia Elande
942 _2AGRIS
_n0
_cANA
999 _c244813
_d244813